000
00244nam a2200109Ia 4500
999
_c
7897
_d
7897
020
_a
978-0672333057
100
_a
Martin, Tomson
245
0
_a
SAMS Teach Yourself ASP.NET in 24 Hours
260
_a
India
_b
BPB
_c
2002
300
_a
456
942
_c
BK